Orígenes y evolución del ferrocarril (folleto) /

Guardado en:
Formato: Libro
Publicado: : , 0
Materias:
Fc
Etiquetas: Agregar Etiqueta
Sin Etiquetas, Sea el primero en etiquetar este registro!
LEADER 00387nam a22001455a 4500
001 CEM.cems007903
005 20060214000000.0
008 130507b######################000#0#####d
003 CEMS
082 0 4 |a F385 
245 0 0 |a Orígenes y evolución del ferrocarril (folleto) / 
260 |a  :  |b , 0 
653 |a Fc 
653 |a Ferrocarriles 
859 |a CEMS  |b BIB. CEMS - 11 de abril  |h F385  |i 2-2  |p 395.44  |t Ej.1